[Event "26th Klatovy A 2018"]
[Site "Klatovy CZE"]
[Date "2018.07.01"]
[Round "2.9"]
[White "Palek, Miroslav"]
[Black "Hausner, Ivan"]
[Result "1/2-1/2"]
[WhiteElo "2153"]
[BlackElo "2321"]
[PlyCount "62"]
[EventDate "2018.06.30"]
[EventType "swiss"]
[EventRounds "9"]
[EventCountry "CZE"]

1. e4 c5 2. Nf3 d6 3. Bb5+ Nd7 4. c3 Ngf6 5. Qe2 e5 6. O-O Be7 7. Rd1 O-O 8. d4 Qc7 9. Bg5 h6 10. Bh4 a6 11. Ba4 Re8 12. dxc5 dxc5 13. Nbd2 b5 14. Bc2 Bb7 15. h3 Bf8 16. Nh2 g6 17. g4 Bg7 18. Nhf1 c4 19. Ne3 Nc5 20. f3 Ne6 21. Ng2 Nh7 22. Rac1 Nhg5 23. Kh2 Rad8 24. Nf1 Bf6 25. Bf2 Be7 26. h4 Nh7 27. Rxd8 Rxd8 28. Rd1 Bc5 29. Rxd8+ Qxd8 30. Bxc5 Nxc5 31. Qe3 Qf8 1/2-1/2

[Event "26th Klatovy A 2018"]
[Site "Klatovy CZE"]
[Date "2018.07.01"]
[Round "2.10"]
[White "Vyprachticky, David"]
[Black "Kaderabek, Jiri"]
[Result "1-0"]
[WhiteElo "2301"]
[BlackElo "2125"]
[PlyCount "85"]
[EventDate "2018.06.30"]
[EventType "swiss"]
[EventRounds "9"]
[EventCountry "CZE"]

1. Nf3 Nf6 2. c4 c6 3. d4 d5 4. Nc3 a6 5. e3 b5 6. c5 Nbd7 7. b4 a5 8. bxa5 Qxa5 9. Bd2 b4 10. Nb1 Ne4 11. a3 Nxd2 12. Nfxd2 b3 13. Be2 Ba6 14. O-O Bxe2 15. Qxe2 g6 16. Nxb3 Qa4 17. Qd1 Bg7 18. N3d2 Nxc5 19. Qc1 Nd7 20. Nc3 Qa7 21. a4 O-O 22. a5 e5 23. dxe5 Nxe5 24. Ra4 Rfb8 25. Qa3 Bf8 26. Qa1 Qc5 27. a6 Bg7 28. Ra5 Qa7 29. Rb1 Rxb1+ 30. Qxb1 Rb8 31. Qxb8+ Qxb8 32. a7 Qa8 33. Na4 Nd7 34. Nb3 Bf8 35. Nd4 Bb4 36. Ra6 c5 37. Nb5 Kg7 38. Nc7 Qc8 39. a8=Q Qxc7 40. Qxd5 Ne5 41. h3 c4 42. f4 c3 43. Qxe5+ 1-0

[Event "26th Klatovy A 2018"]
[Site "Klatovy CZE"]
[Date "2018.07.01"]
[Round "2.11"]
[White "Tscharotschkin, Michael"]
[Black "Mejzlik, Ondrej"]
[Result "0-1"]
[WhiteElo "2124"]
[BlackElo "2287"]
[PlyCount "76"]
[EventDate "2018.06.30"]
[EventType "swiss"]
[EventRounds "9"]
[EventCountry "CZE"]

1. e4 c6 2. d4 d5 3. exd5 cxd5 4. Bd3 Nc6 5. c3 Nf6 6. f4 g6 7. Ne2 Bg7 8. O-O e6 9. Nd2 O-O 10. Nf3 Ne4 11. Ne5 Qc7 12. Ng3 f6 13. Nxc6 Qxc6 14. Re1 f5 15. Nf1 b5 16. Be3 a5 17. Nd2 Ba6 18. Nf3 b4 19. cxb4 axb4 20. Ne5 Bxe5 21. dxe5 Bxd3 22. Qxd3 Qc4 23. Red1 Rfc8 24. h3 Qc2 25. Bd4 Rc4 26. Qe3 Rxa2 27. Rac1 Qd2 28. Rxd2 Rxc1+ 29. Kh2 Raa1 30. g4 Rh1+ 31. Kg2 Rag1+ 32. Qxg1 Rxg1+ 33. Kxg1 Nxd2 34. Kf2 fxg4 35. hxg4 h5 36. gxh5 gxh5 37. Ke2 Ne4 38. Kf3 Kf7 0-1

[Event "26th Klatovy A 2018"]
[Site "Klatovy CZE"]
[Date "2018.07.01"]
[Round "2.12"]
[White "Slovak, Kilian"]
[Black "Brejnik, Gustav"]
[Result "1/2-1/2"]
[WhiteElo "2285"]
[BlackElo "2120"]
[PlyCount "76"]
[EventDate "2018.06.30"]
[EventType "swiss"]
[EventRounds "9"]
[EventCountry "CZE"]

1. e4 c6 2. d4 d5 3. e5 Bf5 4. Nc3 e6 5. g4 Bg6 6. Nge2 c5 7. h4 h5 8. Nf4 Bh7 9. Nxh5 Nc6 10. dxc5 Bxc5 11. Bb5 d4 12. Qf3 Kf8 13. Bxc6 bxc6 14. Ne2 Bxc2 15. Nhf4 Qd7 16. Bd2 Ne7 17. Rc1 d3 18. Nxd3 Qxd3 19. Qxd3 Bxf2+ 20. Kxf2 Bxd3 21. Nf4 Be4 22. Rhe1 Bd5 23. Bb4 Rb8 24. Ba3 Ke8 25. Nxd5 Nxd5 26. Rxc6 Rxh4 27. Kg3 g5 28. Rf1 Ne3 29. Rxe6+ fxe6 30. Rf8+ Kd7 31. Rxb8 Nxg4 32. Rg8 Nxe5 33. Rxg5 Re4 34. Rg7+ Kc6 35. Rxa7 Kb6 36. Ra8 Kb7 37. Rd8 Nc4 38. Rd3 Re2 1/2-1/2

[Event "26th Klatovy A 2018"]
[Site "Klatovy CZE"]
[Date "2018.07.01"]
[Round "2.13"]
[White "Chmel, Kristian"]
[Black "Jurek, Josef"]
[Result "1/2-1/2"]
[WhiteElo "2121"]
[BlackElo "2277"]
[PlyCount "95"]
[EventDate "2018.06.30"]
[EventType "swiss"]
[EventRounds "9"]
[EventCountry "CZE"]

1. e4 e6 2. d4 d5 3. Nc3 Bb4 4. Nge2 Nc6 5. a3 Ba5 6. Be3 Nge7 7. b4 Bb6 8. exd5 exd5 9. Ng3 Nf5 10. Nxf5 Bxf5 11. Ne2 Qf6 12. c3 O-O 13. Ng3 Bg6 14. Bd3 Ne7 15. O-O c6 16. Bxg6 Qxg6 17. Bf4 Nf5 18. Nxf5 Qxf5 19. Bg3 Bd8 20. Re1 Bf6 21. Qb1 Qd7 22. Bf4 Rfe8 23. Qd3 Re6 24. Rxe6 Qxe6 25. Bd2 Re8 26. Kf1 Qd6 27. g3 h6 28. Re1 Rxe1+ 29. Kxe1 a5 30. Qf5 Qe6+ 31. Qxe6 fxe6 32. Ke2 a4 33. f4 Kf7 34. h4 h5 35. Be3 Ke8 36. Bf2 Kd7 37. Be3 b6 38. Kd3 Kc7 39. Bf2 Kb7 40. Be3 Ka6 41. Bd2 Kb5 42. Be1 c5 43. Bd2 Be7 44. Be1 Kc6 45. Bd2 Kd7 46. Be1 Ke8 47. Ke3 Kf7 48. Kf3 1/2-1/2

[Event "26th Klatovy A 2018"]
[Site "Klatovy CZE"]
[Date "2018.07.01"]
[Round "2.14"]
[White "Formanek, Martin"]
[Black "Kotal, Vaclav"]
[Result "1-0"]
[WhiteElo "2267"]
[BlackElo "2101"]
[PlyCount "31"]
[EventDate "2018.06.30"]
[EventType "swiss"]
[EventRounds "9"]
[EventCountry "CZE"]

1. e4 c5 2. Nf3 d6 3. c3 Nf6 4. Bd3 Nc6 5. Bc2 g6 6. O-O Bg7 7. Re1 O-O 8. d3 b5 9. Nbd2 Ba6 10. Nf1 b4 11. Ne3 bxc3 12. bxc3 Qa5 13. Bd2 Rab8 14. d4 Nd7 15. Bb3 Nb6 16. c4 1-0

[Event "26th Klatovy A 2018"]
[Site "Klatovy CZE"]
[Date "2018.07.01"]
[Round "2.15"]
[White "Routner, Jakub"]
[Black "Parizek, Vojtech"]
[Result "1/2-1/2"]
[WhiteElo "2096"]
[BlackElo "2242"]
[PlyCount "41"]
[EventDate "2018.06.30"]
[EventType "swiss"]
[EventRounds "9"]
[EventCountry "CZE"]

1. e4 c5 2. Nc3 Nc6 3. g3 g6 4. Bg2 Bg7 5. d3 d6 6. Be3 Rb8 7. Qd2 b5 8. Nge2 b4 9. Nd1 e6 10. O-O a5 11. c4 bxc3 12. bxc3 Qb6 13. Rc1 Ba6 14. Rc2 Ne5 15. Nc1 Ng4 16. Bf4 e5 17. Be3 Nxe3 18. Nxe3 Ne7 19. Ne2 O-O 20. c4 Bh6 21. Nc3 1/2-1/2

[Event "26th Klatovy A 2018"]
[Site "Klatovy CZE"]
[Date "2018.07.01"]
[Round "2.16"]
[White "Jedlicka, Ales"]
[Black "Novy, Vaclav"]
[Result "1-0"]
[WhiteElo "2221"]
[BlackElo "2065"]
[PlyCount "59"]
[EventDate "2018.06.30"]
[EventType "swiss"]
[EventRounds "9"]
[EventCountry "CZE"]

1. d4 Nf6 2. c4 g6 3. Nc3 Bg7 4. e4 d6 5. Nf3 O-O 6. Be2 e5 7. O-O Nc6 8. d5 Ne7 9. Bd2 Nd7 10. Rc1 f5 11. Ng5 Nc5 12. exf5 gxf5 13. b4 Na6 14. Qb3 Rf6 15. f4 e4 16. Be3 h6 17. Nh3 Kh7 18. c5 Qg8 19. Kh1 Rg6 20. Bh5 Rxg2 21. Kxg2 Bxc3+ 22. Kh1 Bxb4 23. Rg1 Qh8 24. cxd6 cxd6 25. Rg2 Bc5 26. Bxc5 Nxc5 27. Rxc5 dxc5 28. d6 Qf6 29. dxe7 Bd7 30. e8=R 1-0

[Event "26th Klatovy A 2018"]
[Site "Klatovy CZE"]
[Date "2018.07.01"]
[Round "2.17"]
[White "Kopriva, Martin"]
[Black "Dvorak, Jan"]
[Result "0-1"]
[WhiteElo "2068"]
[BlackElo "2210"]
[PlyCount "52"]
[EventDate "2018.06.30"]
[EventType "swiss"]
[EventRounds "9"]
[EventCountry "CZE"]

1. e4 e6 2. d4 d5 3. Bd3 c5 4. c3 cxd4 5. cxd4 dxe4 6. Bxe4 Nf6 7. Bd3 Nc6 8. Nf3 Nb4 9. Be2 Be7 10. O-O O-O 11. Nc3 b6 12. Bf4 Bb7 13. Ne5 Rc8 14. Bg3 Ne4 15. a3 Nxc3 16. bxc3 Nd5 17. c4 Nc3 18. Qc2 Nxe2+ 19. Qxe2 Qxd4 20. Rfe1 Bc6 21. h3 Ba4 22. Ra2 Rcd8 23. Qf3 Bc5 24. Qb7 Qc3 25. Nf3 Qxc4 26. Rae2 Bc6 0-1

[Event "26th Klatovy A 2018"]
[Site "Klatovy CZE"]
[Date "2018.07.01"]
[Round "2.18"]
[White "Vevera, Radek"]
[Black "Jelinek, Michal"]
[Result "1-0"]
[WhiteElo "2064"]
[BlackElo "2204"]
[PlyCount "79"]
[EventDate "2018.06.30"]
[EventType "swiss"]
[EventRounds "9"]
[EventCountry "CZE"]

1. e4 e5 2. Nf3 Nc6 3. Bc4 Bc5 4. c3 Nf6 5. d4 exd4 6. e5 d5 7. Bb5 Ne4 8. cxd4 Bb4+ 9. Nbd2 O-O 10. O-O Nxd2 11. Bxd2 Be7 12. Bxc6 bxc6 13. Qc2 Rb8 14. b3 Bg4 15. Qxc6 Rb6 16. Qc2 Rg6 17. Kh1 Qd7 18. Ng1 Bf5 19. Qc3 Be4 20. f3 Rc6 21. Qe3 Bc2 22. Bc3 Qf5 23. Rf2 Bh4 24. g3 Bg5 25. Qe1 Qd3 26. Bb4 Re8 27. f4 Qxd4 28. Nf3 Be4 29. Rd1 Bxf3+ 30. Rxf3 Qe4 31. Qxe4 dxe4 32. Re3 Rd8 33. Rxd8+ Bxd8 34. Rxe4 Rc1+ 35. Kg2 c5 36. Ba3 Rc2+ 37. Kf3 Bb6 38. Re2 Rc3+ 39. Ke4 c4 40. Bb2 1-0

[Event "26th Klatovy A 2018"]
[Site "Klatovy CZE"]
[Date "2018.07.01"]
[Round "2.19"]
[White "Vedral, Oldrich"]
[Black "Seemann, Jakub"]
[Result "0-1"]
[WhiteElo "2203"]
[BlackElo "1814"]
[PlyCount "136"]
[EventDate "2018.06.30"]
[EventType "swiss"]
[EventRounds "9"]
[EventCountry "CZE"]

1. e4 c5 2. Nf3 d6 3. d4 cxd4 4. Nxd4 Nf6 5. Nc3 a6 6. Be3 e5 7. Nb3 Be7 8. f3 Be6 9. Qd2 O-O 10. O-O-O a5 11. Kb1 a4 12. Nc1 Ra5 13. Qf2 Nbd7 14. g4 d5 15. g5 Nxe4 16. fxe4 d4 17. Bd2 dxc3 18. Bxc3 Rc5 19. Bb4 Rc8 20. Bxe7 Qxe7 21. Rg1 Nc5 22. Qe3 Qc7 23. Rg2 Qa5 24. a3 b5 25. Na2 Bxa2+ 26. Kxa2 b4 27. Rd5 b3+ 28. cxb3 axb3+ 29. Kb1 Qc7 30. Bd3 Rfd8 31. Rg1 Rxd5 32. exd5 Nxd3 33. Qxd3 Qa7 34. Rd1 Qa4 35. d6 e4 36. d7 Rd8 37. Qd6 Qa5 38. Qe7 g6 39. Rc1 Rf8 40. Qb4 Qd5 41. Qe7 Qd3+ 42. Ka1 e3 43. Re1 e2 44. Qxe2 Qxd7 45. Qe3 Qd5 46. Rc1 Rd8 47. h4 Qd4 48. Qxd4 Rxd4 49. Rh1 Kg7 50. Kb1 h6 51. gxh6+ Kxh6 52. Kc1 Rc4+ 53. Kb1 Kh5 54. Rh3 Rxh4 55. Rxb3 f5 56. Rc3 Rh1+ 57. Kc2 f4 58. Rc8 Kg4 59. b4 f3 60. Rf8 Rh5 61. Rf6 Rh2+ 62. Kd3 g5 63. b5 Ra2 64. Ke4 Rxa3 65. b6 Rb3 66. Kd5 Kg3 67. Kc4 Rb1 68. Rf5 g4 0-1

[Event "26th Klatovy A 2018"]
[Site "Klatovy CZE"]
[Date "2018.07.01"]
[Round "2.20"]
[White "Hlavina, Matous"]
[Black "Dolansky, Lukas"]
[Result "0-1"]
[WhiteElo "1776"]
[BlackElo "2184"]
[PlyCount "64"]
[EventDate "2018.06.30"]
[EventType "swiss"]
[EventRounds "9"]
[EventCountry "CZE"]

1. e4 e5 2. Nf3 Nc6 3. Bb5 d6 4. O-O Bd7 5. c3 g6 6. Re1 Bg7 7. d3 Nge7 8. Nbd2 O-O 9. Nf1 Kh8 10. Ng3 Qe8 11. Be3 f5 12. exf5 gxf5 13. Bd2 f4 14. Ne4 Ng6 15. h3 Qe7 16. b4 Nxb4 17. Bc4 Nc6 18. Nfg5 Nd8 19. Qh5 Bf6 20. g3 Bxg5 21. Nxg5 Ne6 22. Bxe6 Bxe6 23. d4 Rf5 24. gxf4 Nxf4 25. Bxf4 Rxf4 26. dxe5 Rg8 27. h4 Rxh4 28. Qxh4 Rxg5+ 29. Kh1 Rg1+ 30. Kxg1 Qxh4 31. exd6 Qg4+ 32. Kf1 Bc4+ 0-1

[Event "26th Klatovy A 2018"]
[Site "Klatovy CZE"]
[Date "2018.07.01"]
[Round "2.21"]
[White "Kopta, Pavel"]
[Black "Skypala, Ondrej"]
[Result "1-0"]
[WhiteElo "2210"]
[BlackElo "1852"]
[PlyCount "59"]
[EventDate "2018.06.30"]
[EventType "swiss"]
[EventRounds "9"]
[EventCountry "CZE"]

1. d4 Nf6 2. c4 g6 3. Nc3 Bg7 4. e4 d6 5. Nf3 O-O 6. Be2 e5 7. O-O Nc6 8. d5 Ne7 9. b4 a5 10. bxa5 Rxa5 11. a4 Nd7 12. Ba3 b6 13. Bb4 Ra8 14. a5 Nc5 15. Ra3 f5 16. Nd2 Bh6 17. axb6 Rxa3 18. bxc7 Qxc7 19. Bxa3 Qa5 20. Bxc5 dxc5 21. Qc2 fxe4 22. Ndxe4 Nf5 23. Bd3 Nd4 24. Qa4 Qd8 25. Ne2 Nf3+ 26. gxf3 Rxf3 27. Qc2 Qh4 28. N4g3 Bh3 29. Be4 Rf6 30. Bg2 1-0

[Event "26th Klatovy A 2018"]
[Site "Klatovy CZE"]
[Date "2018.07.01"]
[Round "2.22"]
[White "Kozak, Milos"]
[Black "Paldus, Jan"]
[Result "1-0"]
[WhiteElo "2156"]
[BlackElo "1778"]
[PlyCount "77"]
[EventDate "2018.06.30"]
[EventType "swiss"]
[EventRounds "9"]
[EventCountry "CZE"]

1. d4 d5 2. c4 e6 3. Nf3 Nf6 4. g3 Be7 5. Bg2 O-O 6. O-O Nbd7 7. Qc2 h6 8. Rd1 b6 9. Ne5 Bb7 10. cxd5 Nxd5 11. a3 Qc8 12. e4 N5f6 13. Nc6 Bxc6 14. Qxc6 e5 15. f4 exd4 16. e5 Qa6 17. exf6 Nxf6 18. Bf1 Qc8 19. Qf3 c5 20. Nd2 Qg4 21. Qxg4 Nxg4 22. Nf3 Bd6 23. Bd2 Rfe8 24. Re1 Kf8 25. Rxe8+ Rxe8 26. Re1 Rxe1 27. Nxe1 Ke7 28. Bd3 Nf6 29. Nc2 Nd7 30. a4 a5 31. Kg2 Bc7 32. g4 Nf8 33. Kf3 f6 34. h4 Ne6 35. h5 Bd8 36. Ne1 Bc7 37. Ng2 Bb8 38. Nh4 Kd6 39. Bc4 1-0

[Event "26th Klatovy A 2018"]
[Site "Klatovy CZE"]
[Date "2018.07.01"]
[Round "2.23"]
[White "Hak, David"]
[Black "Bartos, Jan"]
[Result "0-1"]
[WhiteElo "1886"]
[BlackElo "2153"]
[PlyCount "70"]
[EventDate "2018.06.30"]
[EventType "swiss"]
[EventRounds "9"]
[EventCountry "CZE"]

1. e4 e6 2. d4 d5 3. e5 c5 4. c3 Nc6 5. Nf3 Bd7 6. Bd3 cxd4 7. cxd4 Qb6 8. Bc2 Nb4 9. O-O Nxc2 10. Qxc2 Rc8 11. Nc3 Ne7 12. Be3 Nf5 13. g4 Nxe3 14. fxe3 Be7 15. h4 O-O 16. Ng5 Bxg5 17. hxg5 Qd8 18. Rf6 gxf6 19. gxf6 Kh8 20. Qg2 Rg8 21. Kf2 Rg5 22. Kf3 Qg8 23. Rg1 Qg6 24. Qh3 h5 25. Rh1 Kg8 26. gxh5 Qf5+ 27. Qxf5 Rxf5+ 28. Kg4 Kh7 29. Ne2 Rg8+ 30. Kh4 Rf3 31. Nf4 Rxe3 32. h6 Re4 33. Rf1 Rxd4 34. Kh5 Re4 35. b4 Rxe5+ 0-1

[Event "26th Klatovy A 2018"]
[Site "Klatovy CZE"]
[Date "2018.07.01"]
[Round "2.24"]
[White "Hlozek, David"]
[Black "Krutsky, Martin"]
[Result "1-0"]
[WhiteElo "1852"]
[BlackElo "2123"]
[PlyCount "109"]
[EventDate "2018.06.30"]
[EventType "swiss"]
[EventRounds "9"]
[EventCountry "CZE"]

1. e4 c5 2. Nf3 d6 3. d4 cxd4 4. Nxd4 Nf6 5. Nc3 a6 6. Be3 e5 7. Nb3 Be6 8. Be2 Qc7 9. f3 Be7 10. Qd2 h5 11. O-O b5 12. Rfd1 Nbd7 13. a4 b4 14. Nd5 Bxd5 15. exd5 Nb6 16. Qxb4 Nbxd5 17. Rxd5 Nxd5 18. Qe4 Nxe3 19. Qxa8+ Bd8 20. Qxa6 O-O 21. c3 d5 22. Bb5 e4 23. Nd4 h4 24. Qc6 Qf4 25. Qd7 exf3 26. Nxf3 Ng4 27. Qa7 Bf6 28. h3 Ne3 29. Bf1 Rb8 30. Re1 Nxf1 31. Rxf1 Rxb2 32. Qa8+ Kh7 33. Qxd5 Qg3 34. Nh2 Qxc3 35. Qf5+ Kg8 36. Ng4 Bd4+ 37. Kh1 Qc7 38. Qd5 Bc3 39. Qg5 f6 40. Qg6 Qe7 41. Nh6+ Kf8 42. Nf5 Qf7 43. Qh7 g5 44. Qh8+ Qg8 45. Qh6+ Ke8 46. Rd1 Be5 47. Qh5+ Qf7 48. Qh8+ Qf8 49. Rd8+ Kxd8 50. Qxf8+ Kc7 51. Qc5+ Kd8 52. Qd5+ Kc7 53. Qc4+ Kd8 54. Qd3+ Kc7 55. Ne3 1-0

[Event "26th Klatovy A 2018"]
[Site "Klatovy CZE"]
[Date "2018.07.01"]
[Round "2.25"]
[White "Bartos, Karel"]
[Black "Stinka, Jakub"]
[Result "1/2-1/2"]
[WhiteElo "1823"]
[BlackElo "2093"]
[PlyCount "69"]
[EventDate "2018.06.30"]
[EventType "swiss"]
[EventRounds "9"]
[EventCountry "CZE"]

1. e4 c5 2. c3 Nf6 3. e5 Nd5 4. Nf3 e6 5. d4 cxd4 6. cxd4 d6 7. Bc4 Nc6 8. O-O Be7 9. Qe2 O-O 10. Qe4 dxe5 11. dxe5 b6 12. Nc3 Nxc3 13. bxc3 Bb7 14. Bd3 g6 15. Bh6 Re8 16. Rad1 Qc7 17. Qe2 Bf8 18. Bxf8 Rxf8 19. Rfe1 Rad8 20. h4 Ne7 21. Rc1 Nd5 22. Be4 Nf4 23. Qe3 Bxe4 24. Qxf4 Bxf3 25. Qxf3 h5 26. Qe3 Rd5 27. c4 Rc5 28. Qf4 Rc8 29. Rcd1 Rxc4 30. Qf6 Rc2 31. Rd6 Rc1 32. Rxc1 Qxc1+ 33. Kh2 Qc7 34. g4 hxg4 35. h5 1/2-1/2

[Event "26th Klatovy A 2018"]
[Site "Klatovy CZE"]
[Date "2018.07.01"]
[Round "2.26"]
[White "Hulin, Petr"]
[Black "Kostelecky, Daniel"]
[Result "0-1"]
[WhiteElo "2090"]
[BlackElo "1953"]
[PlyCount "72"]
[EventDate "2018.06.30"]
[EventType "swiss"]
[EventRounds "9"]
[EventCountry "CZE"]

1. h4 e5 2. c4 Nf6 3. e3 d5 4. cxd5 Nxd5 5. a3 c5 6. Nf3 Bd6 7. Qc2 Nc6 8. Bc4 Nc7 9. Nc3 Be6 10. b3 f6 11. Bb2 Rc8 12. Rd1 Be7 13. Ne2 b5 14. Bxe6 Nxe6 15. Qf5 Qd7 16. d4 cxd4 17. exd4 exd4 18. Nfxd4 Nexd4 19. Qxd7+ Kxd7 20. Bxd4 Ke6 21. Bb2 Rhd8 22. O-O Bc5 23. Rfe1 Kf7 24. b4 Bb6 25. Ng3 Nd4 26. Bxd4 Rxd4 27. Rxd4 Bxd4 28. Nf5 Be5 29. f4 Bxf4 30. Re7+ Kg6 31. g4 Bh6 32. Rxa7 Rc4 33. Ne7+ Kf7 34. Nf5+ Ke6 35. Nxg7+ Kd5 36. Ne8 Be3+ 0-1

[Event "26th Klatovy A 2018"]
[Site "Klatovy CZE"]
[Date "2018.07.01"]
[Round "2.27"]
[White "Novak, Vaclav2"]
[Black "Hajek, Jiri2"]
[Result "1/2-1/2"]
[WhiteElo "1778"]
[BlackElo "2081"]
[PlyCount "120"]
[EventDate "2018.06.30"]
[EventType "swiss"]
[EventRounds "9"]
[EventCountry "CZE"]

1. e4 d5 2. exd5 Nf6 3. Nc3 Nxd5 4. Nxd5 Qxd5 5. Qf3 Qc5 6. c3 e5 7. b4 Qe7 8. Bc4 g6 9. a4 Bg7 10. Ba3 Qf6 11. b5 Nd7 12. Qxf6 Nxf6 13. Nf3 Ne4 14. Bd5 Nd6 15. O-O O-O 16. Rfe1 Re8 17. d4 Be6 18. Bxe6 Rxe6 19. Nxe5 Bxe5 20. Rxe5 Rxe5 21. dxe5 Nc4 22. f4 Rd8 23. Bc5 b6 24. Bd4 c5 25. bxc6 Rc8 26. Kf2 Rxc6 27. Ke2 Kf8 28. g4 Ke7 29. h4 Ke6 30. Ra2 h5 31. gxh5 gxh5 32. Kf3 Kf5 33. Rg2 Rg6 34. Rxg6 fxg6 35. Be3 Nb2 36. a5 bxa5 37. Ke2 a4 38. Bc1 a3 39. Kd2 Nc4+ 40. Kc2 g5 41. fxg5 a2 42. Bb2 Nxe5 43. Kb3 Nf3 44. c4 Nxh4 45. Kxa2 Nf3 46. c5 Nxg5 47. Bd4 Ke6 48. Kb3 Nf3 49. Bf2 Ne5 50. Ka4 Nd3 51. Bg1 h4 52. Kb5 h3 53. c6 Ne5 54. c7 Kd7 55. Bh2 Nf3 56. Bg3 Nd4+ 57. Ka6 Ne6 58. Kxa7 Nxc7 59. Kb6 Ne6 60. Kb5 Ke7 1/2-1/2

[Event "26th Klatovy A 2018"]
[Site "Klatovy CZE"]
[Date "2018.07.01"]
[Round "2.28"]
[White "Pick, Stepan"]
[Black "Kunc, Jan"]
[Result "1/2-1/2"]
[WhiteElo "2113"]
[BlackElo "1947"]
[PlyCount "57"]
[EventDate "2018.06.30"]
[EventType "swiss"]
[EventRounds "9"]
[EventCountry "CZE"]

1. Nf3 Nf6 2. c4 g6 3. Nc3 Bg7 4. d4 O-O 5. e4 d6 6. Be2 e5 7. O-O Nc6 8. d5 Ne7 9. b4 Nh5 10. Re1 f5 11. Ng5 Nf6 12. Bf3 c6 13. Be3 h6 14. Ne6 Bxe6 15. dxe6 fxe4 16. Nxe4 Nxe4 17. Bxe4 d5 18. cxd5 cxd5 19. Bc5 dxe4 20. Qxd8 Rfxd8 21. Bxe7 Re8 22. Bc5 b6 23. Be3 Rxe6 24. Rec1 Kf7 25. b5 Rd8 26. Kf1 Red6 27. a4 R8d7 28. Ke2 Rd5 29. Rc4 1/2-1/2

[Event "26th Klatovy A 2018"]
[Site "Klatovy CZE"]
[Date "2018.07.01"]
[Round "2.29"]
[White "Strnad, Jakub"]
[Black "Novy, Daniel"]
[Result "1/2-1/2"]
[WhiteElo "2055"]
[BlackElo "1941"]
[PlyCount "99"]
[EventDate "2018.06.30"]
[EventType "swiss"]
[EventRounds "9"]
[EventCountry "CZE"]

1. e4 c5 2. Nf3 e6 3. d4 cxd4 4. Nxd4 a6 5. Bd3 Nc6 6. Nxc6 bxc6 7. Nc3 Bc5 8. O-O Ne7 9. Kh1 O-O 10. Qh5 f5 11. Bg5 Qe8 12. Qxe8 Rxe8 13. Bxe7 Rxe7 14. exf5 exf5 15. Bxf5 Rf7 16. Bg4 Rxf2 17. Rxf2 Bxf2 18. Ne4 Bd4 19. Nd6 Be5 20. Nxc8 Rxc8 21. Bxd7 Rc7 22. Be6+ Kf8 23. c3 Rb7 24. Rf1+ Ke8 25. Bb3 Bf6 26. g3 Re7 27. Rf2 Kd7 28. Rd2+ Kc7 29. Kg2 Re1 30. Kf2 Rh1 31. Kf3 Rf1+ 32. Ke4 Re1+ 33. Kd3 Rh1 34. Be6 Bg5 35. Re2 Kd6 36. Kc4 Rd1 37. Kb4 Kc7 38. Bf5 h6 39. h4 Bf6 40. a4 Rd8 41. Kc4 Rd5 42. Bg4 Re5 43. Bf3 Rxe2 44. Bxe2 Be7 45. Kd4 a5 46. Kc4 Bd6 47. g4 Be7 48. h5 Kb6 49. b4 c5 50. bxc5+ 1/2-1/2

[Event "26th Klatovy A 2018"]
[Site "Klatovy CZE"]
[Date "2018.07.01"]
[Round "2.30"]
[White "Novak, Martin"]
[Black "Molkanov, Oleg 2001"]
[Result "0-1"]
[WhiteElo "1945"]
[BlackElo "2051"]
[PlyCount "60"]
[EventDate "2018.06.30"]
[EventType "swiss"]
[EventRounds "9"]
[EventCountry "CZE"]

1. e4 c6 2. d4 d5 3. Nc3 dxe4 4. Nxe4 Bf5 5. Ng3 Bg6 6. h4 h6 7. Nf3 Nd7 8. h5 Bh7 9. Bd3 Bxd3 10. Qxd3 e6 11. Bd2 Ngf6 12. O-O-O Be7 13. c4 Qc7 14. Ne4 Rd8 15. Kb1 O-O 16. g3 c5 17. Nxf6+ Nxf6 18. Bc3 cxd4 19. Bxd4 Bc5 20. Qc2 Bxd4 21. Nxd4 Qc5 22. Nb3 Rxd1+ 23. Rxd1 Qxh5 24. Nc1 Rc8 25. Nd3 Rxc4 26. Qxc4 Qxd1+ 27. Nc1 Qf3 28. Qc5 Qe4+ 29. Ka1 Qc6 30. Qxc6 bxc6 0-1

[Event "26th Klatovy A 2018"]
[Site "Klatovy CZE"]
[Date "2018.07.01"]
[Round "2.31"]
[White "Kusa, Jakub"]
[Black "Cecil, Pavel"]
[Result "1-0"]
[WhiteElo "2046"]
[BlackElo "1924"]
[PlyCount "69"]
[EventDate "2018.06.30"]
[EventType "swiss"]
[EventRounds "9"]
[EventCountry "CZE"]

1. e4 e6 2. d4 d5 3. Nd2 Nf6 4. e5 Nfd7 5. Bd3 c5 6. c3 Nc6 7. Ne2 cxd4 8. cxd4 f6 9. exf6 Nxf6 10. O-O Bd6 11. Nf3 O-O 12. h3 Qc7 13. Be3 e5 14. dxe5 Nxe5 15. Nxe5 Bxe5 16. Qb3 Qf7 17. Rac1 Be6 18. Nd4 Bxd4 19. Bxd4 Ne4 20. Bxe4 dxe4 21. Qg3 Rfc8 22. b3 b6 23. Rcd1 Re8 24. f3 e3 25. Rfe1 Rac8 26. Rxe3 h6 27. Rde1 Bd7 28. Be5 Re6 29. Kh2 Rg6 30. Qh4 Bb5 31. Bg3 Rc2 32. a4 Ba6 33. Qd8+ Kh7 34. Re8 Rg5 35. R1e6 1-0

[Event "26th Klatovy A 2018"]
[Site "Klatovy CZE"]
[Date "2018.07.01"]
[Round "2.32"]
[White "Novotny, Jaroslav2"]
[Black "Stolc, Martin"]
[Result "0-1"]
[WhiteElo "1933"]
[BlackElo "2043"]
[PlyCount "54"]
[EventDate "2018.06.30"]
[EventType "swiss"]
[EventRounds "9"]
[EventCountry "CZE"]

1. d4 g6 2. c4 Bg7 3. Nc3 d6 4. e4 Nc6 5. Be3 e5 6. d5 Nce7 7. Bd3 a6 8. Nge2 f5 9. f3 Nf6 10. O-O f4 11. Bf2 g5 12. c5 g4 13. cxd6 Qxd6 14. Rc1 Nh5 15. Na4 gxf3 16. gxf3 Bh3 17. Kh1 Bxf1 18. Qxf1 b6 19. Nec3 O-O 20. Bxa6 Ng3+ 21. hxg3 Qh6+ 22. Kg2 fxg3 23. Bxg3 Rxa6 24. Rd1 b5 25. Nc5 Rg6 26. Ne6 Rff6 27. Qxb5 Qe3 0-1

[Event "26th Klatovy A 2018"]
[Site "Klatovy CZE"]
[Date "2018.07.01"]
[Round "2.33"]
[White "Svanda, Ondrej"]
[Black "Hacaperka, Michal"]
[Result "1-0"]
[WhiteElo "2043"]
[BlackElo "1890"]
[PlyCount "107"]
[EventDate "2018.06.30"]
[EventType "swiss"]
[EventRounds "9"]
[EventCountry "CZE"]

1. c4 Nf6 2. Nc3 d6 3. g3 g6 4. Bg2 Bg7 5. Nf3 O-O 6. O-O Nbd7 7. d3 Rb8 8. Rb1 a6 9. a4 a5 10. b4 axb4 11. Rxb4 e5 12. Ba3 Nc5 13. Rb1 Nfd7 14. Nd2 b6 15. a5 Bb7 16. axb6 Nxb6 17. Bxc5 Bxg2 18. Kxg2 dxc5 19. Rb5 f5 20. Qc2 Qd6 21. Rd1 Nd7 22. Rdb1 Rxb5 23. Rxb5 c6 24. Rb7 e4 25. dxe4 f4 26. Nf3 fxg3 27. hxg3 Ne5 28. Nd1 Ng4 29. Qd3 Bd4 30. Ne3 Ne5 31. Nxe5 Qxe5 32. Rb1 h5 33. Rf1 Re8 34. Nc2 Qxe4+ 35. Qxe4 Rxe4 36. Kf3 Re7 37. e3 Bg7 38. Ne1 Rd7 39. Ke2 Kf7 40. Nd3 Bf8 41. Ne5+ Ke6 42. Nxd7 Kxd7 43. Kd3 Ke6 44. Ke4 Bg7 45. Rb1 Bf6 46. f4 g5 47. fxg5 Bxg5 48. Rh1 Kf6 49. Rxh5 Kg6 50. Rxg5+ Kxg5 51. Kf3 Kf5 52. g4+ Kg5 53. e4 Kf6 54. Kf4 1-0

[Event "26th Klatovy A 2018"]
[Site "Klatovy CZE"]
[Date "2018.07.01"]
[Round "2.34"]
[White "Kovar, Petr"]
[Black "Cmiko, Jakub"]
[Result "1/2-1/2"]
[WhiteElo "1911"]
[BlackElo "2015"]
[PlyCount "38"]
[EventDate "2018.06.30"]
[EventType "swiss"]
[EventRounds "9"]
[EventCountry "CZE"]

1. c4 d6 2. Nc3 e5 3. g3 f5 4. Bg2 Nf6 5. e3 g6 6. Nge2 Bg7 7. d4 e4 8. Nf4 O-O 9. h4 Nc6 10. Bd2 a5 11. a3 Qe7 12. Bf1 Qf7 13. Be2 h6 14. Qc2 Ne7 15. Nb5 Ne8 16. Nc3 Nf6 17. Nb5 Ne8 18. Nc3 Nf6 19. Nb5 Ne8 1/2-1/2